| 000 | 00345nam a22001457a 4500 | ||
|---|---|---|---|
| 003 | SGT | ||
| 020 | _a9789353336851 | ||
| 082 |
_a324.254 _bT19A |
||
| 100 | _aAMBEKAR, SUNIL | ||
| 245 | _aTHE RSSM ROADMAPS FOR THE 21ST CENTURY | ||
| 260 |
_aINDIA _bRUPA PUB. _c2019 |
||
| 300 | _a230 | ||
| 650 | _aINDIAN POLITICAL PARTIES | ||
| 942 |
_2ddc _cBK |
||
| 999 |
_c26247 _d26247 |
||